000 00547nam a2200229Ia 4500
003 OSt
005 20230704125941.0
008 210210b2011 xxu||||| |||| 00| 0 eng d
020 _a8121910625
040 _cAL
041 _aeng
082 _a658.1511 PILM
100 _aPILLAI (R S N)
_9125416
245 _aManagement accounting
250 _a4
260 _aNew Delhi
_bS. Chand & Co. Ltd.
_c2011
300 _ax,661
690 _aManagement Accounting
_9125417
700 _aBAGAVATHI
_9125418
906 _a065705
942 _2ddc
_cBK
999 _c145927
_d145927